00585cam a22001573a 4500020002200000040000800022082002100030100002600051245001300077260004200090300002500132490001400157520017800171650002100349710005700370 a0439226775 (pbk.) cXRS a355 SCH 2000 Or.1 aApplegate, Katherine.10aVisser / aNew York :bScholastic,c2000, c1999. axiii, 192 p.c20 cm.1 aAnimorphs aOn trial for treason, Edriss 562 explains how she infested a series of human hosts in order to spearhead the invasion of Earth by her people, the ruthless, parasitic Yeerks. 0aScience fiction.2 aCopyright Paperback Collection (Library of Congress)